Empty stridency and political fig leaves: U.S Foreign Policy toward Guatemalan State Terrorism, 1977 - 1985
সংরক্ষণ করুন:
| বিন্যাস: | পাঠ্য |
|---|---|
| প্রকাশিত: |
s.l:
s.e.
|
| ট্যাগগুলো: |
ট্যাগ যুক্ত করুন
কোনো ট্যাগ নেই, প্রথমজন হিসাবে ট্যাগ করুন!
|
MARC
| LEADER | 00000 a a2200000 04500 | ||
|---|---|---|---|
| 001 | 23231 | ||
| 003 | |||
| 040 | |||
| 090 | |a 160700 | ||
| 245 | |a Empty stridency and political fig leaves: U.S Foreign Policy toward Guatemalan State Terrorism, 1977 - 1985 | ||
| 260 | |a s.l: |b s.e. | ||
| 300 | |a 57 p | ||
| 999 | |c 16542 |d 16542 | ||
